000 00691nam a2200217Ia 4500
003 GCL
005 20240530110122.0
008 140319s9999 xx 000 0 ara d
040 _aGCL /
_cGCL
082 0 4 _a962.054
_bق/ط ح
100 1 _aطارق البشرى
245 1 0 _aالحركة السياسية فى مصر 1952-1945 /
_cطارق البشرى
260 _aالقاهرة :
_bالهيئة المصرية العامة للكتاب ،
_c1972
300 _a587 ص ؛
_c24 سم
650 0 4 _aالعصر الحديث
650 0 4 _aمصر
650 0 4 _aتاريخ
650 0 4 _aالاحوال السياسية
650 0 4 _aالاخوان المسلمون
942 _2ddc
_cBK
999 _c58713
_d58713